|
|
|
|
| LEADER |
00000nam a2200000 a 4500 |
| 001 |
UCV4662 |
| 003 |
CL-VaPUC |
| 008 |
910326e19800000CL |||||||||||||||||spa|d |
| 082 |
0 |
4 |
|a 629.04
|b INS
|2 21
|
| 110 |
2 |
|
|a Instituto Nacional de Normalización
|e author
|9 298862
|
| 245 |
1 |
0 |
|a Norma chilena de transporte
|
| 246 |
1 |
0 |
|a NCh 647 Of 80: Contenedores - terminología
|
| 300 |
|
|
|a 7 p
|
| 942 |
|
|
|c BK
|
| 945 |
|
|
|d 19910326 00:00:00
|
| 260 |
|
|
|a Santiago
|b INN
|c 1980
|
| 650 |
|
7 |
|a CONTENEDORES TERMINOLOGIA
|2 CL-VaPUC
|9 298863
|
| 650 |
|
7 |
|a NORMAS
|2 CL-VaPUC
|9 259606
|
| 583 |
|
|
|a last modification
|c 19910326 00:00:00
|k Rodrigo Vera
|
| 999 |
|
|
|c 211380
|d 211378
|
| 952 |
|
|
|0 0
|1 0
|4 0
|6 629_040000000000000_INS_1980
|7 0
|8 X
|9 190485
|a BIBING
|b BIBING
|d 2019-11-14
|i 2582740
|o 629.04 INS 1980
|p 2582740
|r 2025-01-20
|w 2019-11-14
|y BK_X
|k TRA
|